| 000 | 00843nas a2200289 4500 | ||
|---|---|---|---|
| 001 | BR2014006753 | ||
| 003 | BR-BrBNA | ||
| 005 | 20231205124645.0 | ||
| 007 | ta | ||
| 008 | 230509b bl.|||p| |||| 00| 00por d | ||
| 040 |
_aBR-BrBNA _bpor _cBiblioteca Nacional de Agricultura |
||
| 041 | _a(Pt) | ||
| 072 | _aL73 | ||
| 100 | 1 | _aSellera, F.P. | |
| 100 | 1 | _aGargano, R.G. | |
| 100 | 1 | _aPogliani, F.C. | |
| 245 | 1 | _aTerapia fotodinâmica: revisão de literatura | |
| 650 | _aCÃO | ||
| 650 | _aGATO | ||
| 650 | _aDOENÇA ANIMAL | ||
| 650 | _aNEOPLASIA | ||
| 650 | _aVETERINÁRIA | ||
| 650 | _aMICROBIOLOGIA | ||
| 773 | 0 |
_tRevista de Educação Continuada em Medicina Veterinária e Zootecnia (Brazil) _xISSN 2179-6645 _g(2014), v. 12(1) p. 6-13 _wBR2014006753 |
|
| 909 |
_a202311 _bLúcia _c55 _dLúcia Elande |
||
| 942 |
_2AGRIS _n0 _cANA |
||
| 999 |
_c240217 _d240217 |
||